000 00285nam a2200145Ia 4500
100 _aJeffrey Archer
650 _aFiciton
942 _cBK
366 _f20
245 _aEleventh commandment
260 _bHarper collins
_c1998
300 _a371
546 _aENGLISH
999 _c25437
_d25437